000
00308nam a22001337a 4500
008
171011b xxu||||| |||| 00| 0 eng d
020
_a
9780070593077
041
_a
eng
080
_2
8 ED
_a
316
100
_a
50
101
_a
SOC
245
_a
DRUGS SOCIETY AND HUMAN BEHAVIOR
_c
RAY.O
942
_2
udc
_c
BK
999
_c
33123
_d
33123